000 00381nam a2200181Ia 4500
003 0STCL
008 150530s9999 xx 000 0 und d
040 _aSTCL
_cSTCL
100 _aKumar, C.B.
245 _aChilapuramkathakal
250 _a1
260 _bAuthor
_c1960
300 _a0
546 _aMalayalam
942 _2ddc
_cBK
999 _c77292
_d77292
005 20220125171643.0